Post-Harvest Studies on Litchi (Litchi chinensis Sonn.) (Record no. 50329)

MARC details
000 -LEADER
fixed length control field 00571nam a22002057a 4500
003 - CONTROL NUMBER IDENTIFIER
control field OSt
008 - FIXED-LENGTH DATA ELEMENTS--GENERAL INFORMATION
fixed length control field 260430b |||||||| |||| 00| 0 eng d
082 ## - DEWEY DECIMAL CLASSIFICATION NUMBER
Classification number 634.6
Item number S48P
100 ## - MAIN ENTRY--PERSONAL NAME
Personal name Singh, Jeetendra Prasad.
245 ## - TITLE STATEMENT
Title Post-Harvest Studies on Litchi (Litchi chinensis Sonn.)
Statement of responsibility, etc. by Jeetendra Prasad Singh
260 ## - PUBLICATION, DISTRIBUTION, ETC. (IMPRINT)
Place of publication, distribution, etc .- Sabour, Bhagalpur
Name of publisher, distributor, etc : Bihar Agricultural College, RAU
Date of publication, distribution, etc , 1991
300 ## - PHYSICAL DESCRIPTION
Extent 113p.
502 ## - DISSERTATION NOTE
Degree type Ph.D.
Year degree granted 1991
650 ## - SUBJECT ADDED ENTRY--TOPICAL TERM
Topical term or geographic name as entry element Horticulture
650 ## - SUBJECT ADDED ENTRY--TOPICAL TERM
Topical term or geographic name as entry element Litchi
650 ## - SUBJECT ADDED ENTRY--TOPICAL TERM
Topical term or geographic name as entry element Postharvest
650 ## - SUBJECT ADDED ENTRY--TOPICAL TERM
Topical term or geographic name as entry element Thesis
650 ## - SUBJECT ADDED ENTRY--TOPICAL TERM
Topical term or geographic name as entry element Ph. D.
942 ## - ADDED ENTRY ELEMENTS (KOHA)
Source of classification or shelving scheme
Koha item type Thesis
Holdings
Withdrawn status Lost status Source of classification or shelving scheme Damaged status Not for loan Home library Current library Date acquired Cost, normal purchase price Total Checkouts Full call number Barcode Date last seen Bill Date Koha item type Bill Number
          Dr. Rajendra Prasad Central Agricultural University Pusa, Dr. Rajendra Prasad Central Agricultural University Pusa, 30/04/2026 0.00   634.6 S48P 43701-UL 30/04/2026 30/04/2026 Thesis Gift
Hosted, Implemented, Customized & Maintained by: BestBookBuddies

Powered by Koha